<The> Startup Way How Entrepreneurial Management Transforms Culture and Drives Growth

Guardado en:
Detalles Bibliográficos
Autor principal: Ries, Eric
Formato: Libro
Lenguaje:inglés
Publicado: London Portfolio Penguin 2017
Materias:
Etiquetas: Agregar Etiqueta
Sin Etiquetas, Sea el primero en etiquetar este registro!

MARC

LEADER 00000nam a2200000 4500
001 0252863
005 20240221113212.1
020 |a 978-0-241-19726-4 
020 |a 978-0-241-19724-0 
041 0 |a eng 
044 |a GB 
245 1 0 |a <The> Startup Way  |b How Entrepreneurial Management Transforms Culture and Drives Growth  |c Eric Ries 
264 1 |a London  |b Portfolio Penguin  |c 2017 
300 |a 390 s. 
610 2 0 |a start-up 
610 2 0 |a politika podnikania 
610 2 0 |a riadenie podnikové 
610 2 0 |a transformácia podniku 
610 2 0 |a kultúra podniková 
610 2 0 |a rast podniku 
610 2 0 |a stratégia podniková 
100 1 |a Ries, Eric